Medzinárodná podnikateľská stratégia ako významný faktor riadenia rizika vo finančnom sektore diplomová práca

Enregistré dans:
Détails bibliographiques
Auteur principal: Ďurajová, Alexandra
Collectivité auteur: Obchodná fakulta EU. Katedra medzinárodného obchodu
Autres auteurs: Jamborová, Erika Mária
Format: Livre
Langue:slovaque
Publié: Bratislava 2012
Tags: Ajouter un tag
Pas de tags, Soyez le premier à ajouter un tag!

MARC

LEADER 00000nbm a2200000 4500
001 0157900
005 20170523122457.3
041 0 |a slo 
044 |a SK 
245 1 0 |a Medzinárodná podnikateľská stratégia ako významný faktor riadenia rizika vo finančnom sektore  |b diplomová práca  |c Alexandra Ďurajová ; školiteľ: Erika Mária Jamborová 
264 1 |a Bratislava  |c 2012 
300 |a 105 s. 
100 1 |a Ďurajová, Alexandra 
700 1 |a Jamborová, Erika Mária 
710 2 |a Obchodná fakulta EU. Katedra medzinárodného obchodu